000 00542cam a2200205u 4500
001 9891816
003 OSt
005 20180116183009.0
008 821217s1967 enk 000 0 eng
010 _a 67112063
040 _aDLC
_cCarP
_dDLC
050 0 0 _aPZ4.J77
_bGo3
_aPS3560.O49
082 _a813.54 JON 1967
100 1 _aJones, James,
_d1921-1977.
245 1 0 _aGo to the widow-maker.
260 _aLondon,
_bCollins,
_c1967.
300 _a575 p.
_c23 cm.
906 _a0
_bcbc
_cpremunv
_du
_encip
_f19
_gy-gencatlg
942 _2ddc
_cBK
999 _c350197
_d350197